[Event "OL-NORD WEST 1617 Hannover - Nordhorn B"]
[Site "?"]
[Date "2016.12.04"]
[Round "3.8"]
[White "Hilburt, Leonid"]
[Black "Elgersma, Simon"]
[Result "0-1"]
[WhiteElo "2096"]
[BlackElo "2070"]
[PlyCount "62"]
[EventDate "2016.??.??"]

1. e4 e6 2. d4 d5 3. Nd2 Be7 4. Bd3 c5 5. dxc5 Nf6 6. exd5 Qxd5 7. Ngf3 Nbd7 8.
Bc4 Qc6 9. Qe2 O-O 10. O-O Nxc5 11. Ne5 Qc7 12. Ndf3 a6 13. a4 b6 14. c3 Bd6
15. Re1 Nce4 16. Bd3 Bb7 17. Nc4 Bc5 18. Ne3 Rfd8 19. h3 Rd7 20. Qc2 Rad8 21.
Be2 h6 22. Rd1 Nxf2 23. Kxf2 Qf4 24. Rxd7 Rxd7 25. g3 Ne4+ 26. Kf1 Qxg3 27. Bd1
Rxd1+ 28. Nxd1 Qxf3+ 29. Ke1 Qh1+ 30. Ke2 Ng3+ 31. Kd2 Qg2+ 0-1

[Event "OL-NORD WEST 1617 Post VSV Uelzen - Nor"]
[Site "?"]
[Date "2017.01.15"]
[Round "4.1"]
[White "Kollen, Zyon"]
[Black "Laubsch, Bernd"]
[Result "1-0"]
[WhiteElo "2325"]
[BlackElo "2294"]
[PlyCount "47"]
[EventDate "2017.??.??"]

1. e4 c5 2. Nf3 e6 3. d4 cxd4 4. Nxd4 a6 5. Nc3 b5 6. Bd3 Qb6 7. Nf3 Nc6 8. O-O
Qb8 9. Re1 Bd6 10. a4 b4 11. Nb1 Nge7 12. Nbd2 Ne5 13. Nxe5 Bxe5 14. Qh5 Ng6
15. Nc4 Bc7 16. e5 Bb7 17. b3 Bd5 18. Be4 O-O 19. Bb2 Bxe4 20. Rxe4 f5 21. exf6
d5 22. Rxe6 dxc4 23. fxg7 Rd8 24. Re8+ 1-0

[Event "OL-NORD WEST 1617 Post VSV Uelzen - Nor"]
[Site "?"]
[Date "2017.01.15"]
[Round "4.2"]
[White "Gomolla, Peter"]
[Black "Kroeze, Frank M"]
[Result "0-1"]
[WhiteElo "2192"]
[BlackElo "2396"]
[PlyCount "96"]
[EventDate "2017.??.??"]

1. e4 c5 2. c3 e6 3. d4 d5 4. exd5 exd5 5. Nf3 a6 6. Be2 Nc6 7. O-O Be6 8. dxc5
Bxc5 9. Nbd2 Nge7 10. Nb3 Ba7 11. Nbd4 O-O 12. Be3 Na5 13. b3 Re8 14. Re1 Bg4
15. h3 Bh5 16. Qd2 Rc8 17. Nf5 Nxf5 18. Bxa7 Nc6 19. Bd4 Rxe2 20. Qxe2 Ncxd4
21. cxd4 Nxd4 22. Qe5 Nxf3+ 23. gxf3 Bxf3 24. Re3 Be4 25. Rd1 Qb6 26. Qd4 Qxd4
27. Rxd4 Rc1+ 28. Kh2 f5 29. h4 f4 30. Rexe4 dxe4 31. Rxe4 Rc2 32. a4 Rxf2+ 33.
Kg1 Rf3 34. Rb4 Kf7 35. Rxb7+ Kf6 36. b4 Rb3 37. Kf2 g6 38. b5 axb5 39. Rb6+
Ke5 40. axb5 Rb2+ 41. Kf3 Rb3+ 42. Kf2 Ke4 43. Re6+ Kf5 44. Re7 Rxb5 45. Rxh7
Kg4 46. Rh6 Rb2+ 47. Kg1 g5 48. hxg5 Kg3 0-1

[Event "OL-NORD WEST 1617 Post VSV Uelzen - Nor"]
[Site "?"]
[Date "2017.01.15"]
[Round "4.3"]
[White "Schulz, Jens"]
[Black "Bogomolow, Sergej"]
[Result "1-0"]
[WhiteElo "2220"]
[BlackElo "2193"]
[PlyCount "53"]
[EventDate "2017.??.??"]

1. e4 e5 2. Nf3 Nf6 3. Nxe5 d6 4. Nf3 Nxe4 5. Nc3 Nxc3 6. dxc3 Be7 7. Be3 O-O
8. Qd2 c5 9. O-O-O Nc6 10. Bc4 Qa5 11. Kb1 b5 12. Bd5 Bb7 13. Rhe1 Rfe8 14. Bg5
Qc7 15. Qf4 Bf8 16. Qf5 Na5 17. Bxb7 Qxb7 18. Bf4 Nc4 19. Qd3 Rad8 20. Ng5 g6
21. Ne4 Bg7 22. Bg5 Nxb2 23. Kxb2 b4 24. Rb1 Bxc3+ 25. Nxc3 Rxe1 26. Nd5 c4 27.
Qf3 1-0

[Event "OL-NORD WEST 1617 Post VSV Uelzen - Nor"]
[Site "?"]
[Date "2017.01.15"]
[Round "4.4"]
[White "Mittelstaedt, Hendrik"]
[Black "Oehne, Timo"]
[Result "1/2-1/2"]
[WhiteElo "2061"]
[BlackElo "2140"]
[PlyCount "71"]
[EventDate "2017.??.??"]

1. d4 Nf6 2. c4 g6 3. Nc3 d5 4. cxd5 Nxd5 5. e4 Nxc3 6. bxc3 Bg7 7. Bc4 O-O 8.
Ne2 c5 9. O-O Nc6 10. Be3 Qc7 11. Rc1 a6 12. Qd2 Rd8 13. h3 Qa5 14. Qb2 e6 15.
Rcd1 b5 16. Bb3 c4 17. Bc2 Bd7 18. d5 exd5 19. exd5 Ne5 20. f4 Nd3 21. Bxd3
cxd3 22. Rxd3 Bf5 23. Rd2 Rac8 24. Rc1 Be4 25. Qb3 Rc4 26. d6 Rc6 27. Ng3 Rc4
28. Nxe4 Rxe4 29. Kf2 Re6 30. Bc5 Bf8 31. Rcd1 Bxd6 32. Kg3 Qc7 33. Rxd6 Rexd6
34. Rxd6 Rxd6 35. Bxd6 Qxd6 36. Qc2 1/2-1/2

[Event "OL-NORD WEST 1617 Post VSV Uelzen - Nor"]
[Site "?"]
[Date "2017.01.15"]
[Round "4.5"]
[White "Baisakow, Alexander"]
[Black "Schulze, Ingo"]
[Result "1-0"]
[WhiteElo "2164"]
[BlackElo "2035"]
[PlyCount "69"]
[EventDate "2017.??.??"]

1. e4 c6 2. Nf3 d5 3. exd5 cxd5 4. Ne5 Nc6 5. d4 g6 6. Bb5 Bd7 7. Nxd7 Qxd7 8.
c4 Bg7 9. Nc3 e6 10. Qf3 Nge7 11. Bg5 O-O 12. O-O a6 13. cxd5 Nxd5 14. Bxc6
Qxc6 15. Rfd1 Nxc3 16. Qxc6 bxc6 17. bxc3 Rab8 18. Rab1 Rb5 19. Bf4 Rc8 20. a4
Rd5 21. Be3 e5 22. c4 Rd7 23. d5 cxd5 24. cxd5 Bf8 25. Rb6 a5 26. Rb5 Bb4 27.
Kf1 f6 28. Bd2 Rc4 29. Bxb4 axb4 30. a5 b3 31. Rxb3 Rc5 32. a6 Ra5 33. Rb7 Rd6
34. a7 Rda6 35. Rc1 1-0

[Event "OL-NORD WEST 1617 Post VSV Uelzen - Nor"]
[Site "?"]
[Date "2017.01.15"]
[Round "4.6"]
[White "von Estorff, Jacob"]
[Black "Bierenbroodspot, Paul"]
[Result "0-1"]
[WhiteElo "1921"]
[BlackElo "2093"]
[PlyCount "64"]
[EventDate "2017.??.??"]

1. e4 d5 2. exd5 Nf6 3. Bb5+ Nbd7 4. Nc3 a6 5. Be2 Nb6 6. Nf3 Nbxd5 7. d4 Bg4
8. Nxd5 Qxd5 9. c4 Qd6 10. O-O e6 11. Be3 Be7 12. b4 O-O 13. Rc1 Bxf3 14. Bxf3
Qxb4 15. Qc2 Qa5 16. Bxb7 Rab8 17. Bd2 Qb6 18. Rb1 Qxd4 19. Be3 Qe5 20. g3 Ng4
21. Bf4 Qh5 22. f3 Qc5+ 23. Kg2 Ne3+ 24. Bxe3 Qxe3 25. Bxa6 c6 26. Bb7 Rfd8 27.
Rf2 Qc5 28. Rb3 Rd4 29. Ba6 Rb6 30. Rxb6 Qxb6 31. Qa4 Bc5 32. Re2 Rd8 0-1

[Event "OL-NORD WEST 1617 Post VSV Uelzen - Nor"]
[Site "?"]
[Date "2017.01.15"]
[Round "4.7"]
[White "Hoellmann, Ludger"]
[Black "Untiedt, Jan Niklas"]
[Result "1-0"]
[WhiteElo "2045"]
[BlackElo "1929"]
[PlyCount "107"]
[EventDate "2017.??.??"]

1. Nf3 Nf6 2. c4 c5 3. d4 cxd4 4. Nxd4 Nc6 5. g3 g6 6. Bg2 Bg7 7. Nc3 O-O 8.
O-O Qb6 9. Ndb5 d6 10. Be3 Qd8 11. h3 Bd7 12. Rc1 a6 13. Na3 Rb8 14. Kh1 Be6
15. Qa4 Bd7 16. Qb3 Be6 17. Nd5 Nd7 18. Rfd1 Qc8 19. Rd2 Nc5 20. Qd1 Re8 21.
Nb1 b6 22. a3 Bf5 23. b4 Ne4 24. Ra2 Ne5 25. Nxb6 Qd8 26. Nd5 Nf6 27. Nd2 Nxd5
28. cxd5 Bc8 29. f4 Nd7 30. Nb3 Nf6 31. Na5 Bb7 32. Ba7 Ra8 33. Bf2 Rb8 34. Qd3
Qd7 35. Nc6 Rbc8 36. Rac2 e6 37. dxe6 fxe6 38. a4 d5 39. b5 axb5 40. axb5 Bxc6
41. bxc6 Qc7 42. Rb1 Rb8 43. Rb5 Rxb5 44. Qxb5 Rb8 45. Qa4 Kf7 46. Bd4 Ne8 47.
e4 Rd8 48. e5 Bf8 49. Rb2 Rb8 50. Rxb8 Qxb8 51. Bf1 Be7 52. Qa6 Bd8 53. Qb7+
Qc7 54. Bb6 1-0

[Event "OL-NORD WEST 1617 Post VSV Uelzen - Nor"]
[Site "?"]
[Date "2017.01.15"]
[Round "4.8"]
[White "Cohrs, Joerg-Artur"]
[Black "Andre, Wolfgang"]
[Result "1/2-1/2"]
[WhiteElo "1951"]
[BlackElo "2199"]
[PlyCount "94"]
[EventDate "2017.??.??"]

1. e4 c5 2. Nc3 Nc6 3. Nge2 g6 4. d4 cxd4 5. Nxd4 Bg7 6. Be3 Nf6 7. Bc4 d6 8.
f3 Bd7 9. Qd2 O-O 10. O-O-O Qa5 11. Kb1 Rfc8 12. Bb3 Ne5 13. f4 Rxc3 14. Qxc3
Qxc3 15. bxc3 Neg4 16. Bg1 Nxe4 17. Re1 d5 18. Kc1 e6 19. h3 Ngf2 20. Bxf2 Nxf2
21. Rhf1 Ne4 22. Nf3 Bxc3 23. Rd1 a5 24. a4 Rc8 25. Ne5 Bxe5 26. fxe5 Nc3 27.
Rd3 Nxa4 28. Rdf3 Rf8 29. Ba2 Bc6 30. g4 Nc5 31. h4 Nd7 32. Re3 Rc8 33. Kd2 Rc7
34. h5 Kg7 35. hxg6 hxg6 36. c3 Rc8 37. Rf2 Rh8 38. c4 d4 39. Re1 Nc5 40. Bb1
Rd8 41. Ref1 Rd7 42. Bd3 Be4 43. Bc2 g5 44. Rh2 d3 45. Bd1 Bg6 46. Ke3 b6 47.
Bf3 Ra7 1/2-1/2

[Event "OL-NORD WEST 1617 SV Hellern - Hannover"]
[Site "?"]
[Date "2017.01.15"]
[Round "4.2"]
[White "Hummel, Dirk"]
[Black "Bangiev, Alexander"]
[Result "1/2-1/2"]
[WhiteElo "2276"]
[BlackElo "2387"]
[PlyCount "37"]
[EventDate "2017.??.??"]

1. d4 g6 2. c4 Bg7 3. e4 c5 4. d5 d6 5. Bd3 Nf6 6. h3 O-O 7. Nf3 e5 8. Nc3 Ne8
9. g4 a6 10. a4 b6 11. Rg1 Ra7 12. Bg5 f6 13. Be3 Rb7 14. h4 Bd7 15. h5 g5 16.
b3 Nc7 17. Nd2 h6 18. Nf1 Qc8 19. Nh2 {(=)} 1/2-1/2

[Event "OL-NORD WEST 1617 SV Hellern - Hannover"]
[Site "?"]
[Date "2017.01.15"]
[Round "4.3"]
[White "Piepho, Niels"]
[Black "Gronde, Ingo"]
[Result "1/2-1/2"]
[WhiteElo "2237"]
[BlackElo "2215"]
[PlyCount "36"]
[EventDate "2017.??.??"]

1. Nf3 Nf6 2. g3 g6 3. Bg2 Bg7 4. O-O O-O 5. d3 d6 6. c4 e5 7. Nc3 h6 8. Rb1 a5
9. a3 Re8 10. Ne1 c6 11. Nc2 d5 12. cxd5 cxd5 13. d4 e4 14. a4 Nc6 15. Nb5 Na7
16. Nba3 Bf5 17. Ra1 Qd7 18. Bd2 Nc6 {(=)} 1/2-1/2

[Event "OL-NORD WEST 1617 SV Hellern - Hannover"]
[Site "?"]
[Date "2017.01.15"]
[Round "4.5"]
[White "Meier-Hoffmann, Daniel"]
[Black "Happe, Reinhold"]
[Result "1/2-1/2"]
[WhiteElo "1971"]
[BlackElo "2118"]
[PlyCount "49"]
[EventDate "2017.??.??"]

1. d4 d5 2. Nf3 Nf6 3. e3 c5 4. b3 Nc6 5. Bb2 cxd4 6. exd4 Bg4 7. Be2 e6 8.
Nbd2 Be7 9. O-O O-O 10. Re1 Rc8 11. a3 Ne4 12. c4 Nxd2 13. Nxd2 Bxe2 14. Rxe2
dxc4 15. Nxc4 Bf6 16. Rd2 Ne7 17. Ne3 Nd5 18. Rc2 Qd7 19. Rac1 Rxc2 20. Rxc2
Rd8 21. Ng4 Qd6 22. Qf3 Qb6 23. Nxf6+ gxf6 24. Rc5 Qd6 25. Qg3+ 1/2-1/2

[Event "OL-NORD WEST 1617 SV Hellern - Hannover"]
[Site "?"]
[Date "2017.01.15"]
[Round "4.6"]
[White "Stock, Joerg"]
[Black "Phunhon Lopez, Daniel Alejandr"]
[Result "1-0"]
[WhiteElo "2172"]
[BlackElo "1891"]
[PlyCount "61"]
[EventDate "2017.??.??"]

1. e4 e6 2. d4 d5 3. Nd2 c5 4. Ngf3 Nc6 5. exd5 exd5 6. Bb5 Nf6 7. O-O Be7 8.
dxc5 O-O 9. Nb3 Ne4 10. Be3 Bf6 11. c3 Bg4 12. Be2 Re8 13. Re1 Nxc3 14. bxc3
Bxc3 15. Qd3 Bxa1 16. Rxa1 Qd7 17. Nbd4 h6 18. Rd1 a6 19. h3 Bh5 20. Qf5 Qxf5
21. Nxf5 Nb4 22. Rd2 Bg6 23. N3d4 Nc6 24. Nd6 Re7 25. Rb2 Nxd4 26. Bxd4 Rb8 27.
Bxa6 Re1+ 28. Kh2 Rd1 29. Rb4 Rxd4 30. Rxd4 bxa6 31. c6 1-0

[Event "OL-NORD WEST 1617 SV Hellern - Hannover"]
[Site "?"]
[Date "2017.01.15"]
[Round "4.8"]
[White "zur Lage, Julian"]
[Black "Kiselev, Alexander"]
[Result "1/2-1/2"]
[WhiteElo "2118"]
[BlackElo "2114"]
[PlyCount "35"]
[EventDate "2017.??.??"]

1. d4 Nf6 2. Nf3 d5 3. c4 dxc4 4. e3 a6 5. a4 Nc6 6. Bxc4 Bg4 7. Qb3 e6 8. Bd2
Bxf3 9. gxf3 b6 10. Rg1 Qd6 11. f4 Ne4 12. Bc3 Nxc3 13. Qxc3 Na5 14. Qc2 Qc6
15. Nd2 Nxc4 16. Qxc4 Qxc4 17. Nxc4 f6 18. Ke2 {(=)} 1/2-1/2

[Event "OL-NORD WEST 1617 Delmenhorster SK - Un"]
[Site "?"]
[Date "2017.01.15"]
[Round "4.1"]
[White "Breutigam, Martin"]
[Black "Kuegel, Tobias"]
[Result "1-0"]
[WhiteElo "2376"]
[BlackElo "2277"]
[PlyCount "117"]
[EventDate "2017.??.??"]

1. d4 Nf6 2. Nf3 e6 3. Bg5 c5 4. e3 Nc6 5. Nbd2 d5 6. c3 Be7 7. Bd3 Qb6 8. Rb1
h6 9. Bh4 Bd7 10. Qe2 Rd8 11. O-O O-O 12. Ne5 cxd4 13. exd4 Qa5 14. a3 Qa4 15.
f4 Rfe8 16. Bxf6 Bxf6 17. Qh5 Rf8 18. Kh1 Be8 19. Qh3 Be7 20. Ng4 f5 21. Ne3
Nxd4 22. cxd4 Qxd4 23. Nc2 Qf6 24. Qe3 d4 25. Qe2 Bc6 26. Rbe1 Bd5 27. Nf3 Bc5
28. Nb4 Bxb4 29. axb4 Rd6 30. Qe5 Rb6 31. Qxf6 Rxf6 32. b5 g5 33. fxg5 hxg5 34.
Nxg5 Rg6 35. Nf3 a6 36. Rf2 axb5 37. Nxd4 Rd6 38. Bxb5 Rxg2 39. Rxg2+ Bxg2+ 40.
Kxg2 Rxd4 41. b3 Kf7 42. Bc4 Rd6 43. Kf3 Kf6 44. Rxe6+ Rxe6 45. Bxe6 Kxe6 46.
Kf4 Kf6 47. b4 b5 48. h4 Kg6 49. Ke5 Kh5 50. Kxf5 Kxh4 51. Ke5 Kg5 52. Kd5 Kf6
53. Kc6 Ke7 54. Kxb5 Kd7 55. Kb6 Kc8 56. Ka7 Kc7 57. b5 Kc8 58. b6 Kd7 59. b7
1-0

[Event "OL-NORD WEST 1617 Delmenhorster SK - Un"]
[Site "?"]
[Date "2017.01.15"]
[Round "4.2"]
[White "Hoeffer, David"]
[Black "Bredemeier, Dirk"]
[Result "1-0"]
[WhiteElo "2302"]
[BlackElo "2301"]
[PlyCount "177"]
[EventDate "2017.??.??"]

1. e4 c5 2. Nf3 e6 3. b3 b6 4. Bd3 Bb7 5. O-O Nc6 6. Re1 d6 7. Bb2 e5 8. c3 Be7
9. Bc2 Nf6 10. Na3 O-O 11. d4 Qb8 12. d5 Nd8 13. Nc4 Ne8 14. Ne3 g6 15. c4 Bc8
16. g4 f6 17. Kg2 Bd7 18. Rh1 Qc8 19. Nd2 Ng7 20. h3 Nf7 21. Ndf1 h5 22. Bc1
hxg4 23. hxg4 Ng5 24. Ng3 Kf7 25. Bd2 Rh8 26. Qe2 Qb7 27. f3 a6 28. a3 b5 29.
b4 cxb4 30. Bxb4 Rac8 31. Bd3 Qb6 32. Bd2 Qd4 33. Nc2 Qb6 34. Be3 Qb7 35. Rab1
Rxh1 36. Nxh1 f5 37. Nf2 f4 38. Bc1 Rh8 39. cxb5 Bd8 40. Bd2 Nh5 41. gxh5 Rxh5
42. Rh1 Bxb5 43. Bxb5 axb5 44. Bb4 Rxh1 45. Kxh1 Kg8 46. Ng4 Qh7+ 47. Qh2 Nxf3
48. Qxh7+ Kxh7 49. Bxd6 Ng5 50. Bxe5 Nxe4 51. Bxf4 Be7 52. Kg2 Kg7 53. Kf3 Nd6
54. Be5+ Kf8 55. Nge3 Ke8 56. Bh2 Nb7 57. Ke4 Kd7 58. Nb4 Nc5+ 59. Kd4 Nb3+ 60.
Kc3 Nc5 61. Ng4 Kc8 62. Nc6 Bf8 63. Na7+ Kb7 64. Nxb5 Kb6 65. Kc4 Ne4 66. Bf4
g5 67. Be3+ Ka5 68. Nc3 Nxc3 69. Kxc3 Bxa3 70. Bxg5 Kb5 71. Be3 Ka6 72. Kc4 Kb7
73. Bf4 Kc8 74. Ne5 Bd6 75. Kb5 Kb7 76. Nd3 Bf8 77. Nc5+ Kc8 78. Kc6 Be7 79.
Nd7 Kd8 80. Bc7+ Ke8 81. Nc5 Bf8 82. Ne6 Bb4 83. Nc5 Be1 84. d6 Bh4 85. d7+ Kf7
86. Nb7 Ke6 87. Bd8 Bf2 88. Bg5 Bb6 89. Bh4 1-0

[Event "OL-NORD WEST 1617 Delmenhorster SK - Un"]
[Site "?"]
[Date "2017.01.15"]
[Round "4.3"]
[White "Meessen, Max"]
[Black "Korsus, Bernd"]
[Result "1/2-1/2"]
[WhiteElo "2238"]
[BlackElo "2333"]
[PlyCount "64"]
[EventDate "2017.??.??"]

1. e4 c5 2. Nf3 Nc6 3. Bb5 e6 4. O-O Nge7 5. Re1 a6 6. Bf1 d5 7. d3 d4 8. a4 e5
9. c3 Ng6 10. g3 Bd6 11. Nbd2 O-O 12. Nc4 Bc7 13. cxd4 cxd4 14. Bd2 Qe7 15. Qb3
Rb8 16. a5 Be6 17. Qa4 h6 18. Bg2 f5 19. exf5 Rxf5 20. Re2 Rbf8 21. Ne1 Qf7 22.
f3 e4 23. Rxe4 Rb5 24. Qc2 Bd5 25. Re2 h5 26. f4 Bxg2 27. Rxg2 Qd5 28. Rc1 Re8
29. Na3 Rb3 30. Qc4 Rd8 31. Qxd5+ Rxd5 32. Nc4 Nge7 1/2-1/2

[Event "OL-NORD WEST 1617 Delmenhorster SK - Un"]
[Site "?"]
[Date "2017.01.15"]
[Round "4.4"]
[White "Hedke, Fred"]
[Black "Mueer, Sebastian"]
[Result "0-1"]
[WhiteElo "2283"]
[BlackElo "2239"]
[PlyCount "90"]
[EventDate "2017.??.??"]

1. e4 c5 2. Nf3 d6 3. c3 Nf6 4. h3 g6 5. Bd3 Bg7 6. O-O O-O 7. Bc2 Nc6 8. d4
cxd4 9. cxd4 Nb4 10. Bb3 d5 11. e5 Ne4 12. a3 Nc6 13. Re1 e6 14. Nc3 f5 15.
exf6 Nxf6 16. Be3 a6 17. Ba2 b5 18. b4 Bd7 19. Qd2 Nh5 20. Nh2 Nf6 21. Nf3 Nh5
22. Rac1 Rc8 23. Nh2 Nf6 24. Nf3 Nh5 25. Nh2 Nf6 26. Ng4 Nxg4 27. hxg4 Qh4 28.
f3 h5 29. Bf2 Qf6 30. gxh5 Nxd4 31. h6 Bh8 32. Ne2 Nf5 33. Bc5 Rf7 34. Bb1 Kh7
35. Qd3 Qg5 36. Bf2 Rc4 37. Rxc4 bxc4 38. Qc2 e5 39. Kf1 e4 40. f4 Qxh6 41. Qd2
Qh1+ 42. Ng1 Bb5 43. Qxd5 c3+ 44. Re2 Rd7 45. Qxe4 Rd1+ 0-1

[Event "OL-NORD WEST 1617 Delmenhorster SK - Un"]
[Site "?"]
[Date "2017.01.15"]
[Round "4.5"]
[White "Wittje, Berthold"]
[Black "Steingraeber, Kai Uwe"]
[Result "1/2-1/2"]
[WhiteElo "2214"]
[BlackElo "2118"]
[PlyCount "65"]
[EventDate "2017.??.??"]

1. Nf3 d5 2. g3 Nf6 3. Bg2 c6 4. O-O Bg4 5. b3 Nbd7 6. Bb2 e6 7. d3 Bd6 8. Nbd2
e5 9. e4 O-O 10. h3 Bh5 11. g4 Bg6 12. Nh4 h6 13. Nf5 Nc5 14. Nxd6 Qxd6 15. f4
Nfd7 16. fxe5 Qe6 17. exd5 cxd5 18. Qf3 Nb6 19. a4 a5 20. Rae1 Rfc8 21. Qf2 Na6
22. Nf3 Nb4 23. Nd4 Qd7 24. e6 fxe6 25. Nxe6 Rxc2 26. Qxb6 Rxb2 27. Nc7 Rc8 28.
Qxg6 Qxc7 29. Re8+ Rxe8 30. Qxe8+ Kh7 31. Qe6 Qg3 32. Qf5+ Kh8 33. Qf8+ 1/2-1/2

[Event "OL-NORD WEST 1617 Delmenhorster SK - Un"]
[Site "?"]
[Date "2017.01.15"]
[Round "4.6"]
[White "Margraf, Daniel"]
[Black "Schuette, Marc"]
[Result "1/2-1/2"]
[WhiteElo "2204"]
[BlackElo "2120"]
[PlyCount "67"]
[EventDate "2017.??.??"]

1. e4 e6 2. d4 d5 3. Nd2 dxe4 4. Nxe4 Nd7 5. Nf3 Ngf6 6. Nxf6+ Nxf6 7. Bd3 c5
8. O-O Be7 9. dxc5 Bxc5 10. Bg5 O-O 11. Qe2 h6 12. Bh4 Qc7 13. Ne5 Rd8 14. Rad1
Bd4 15. Bg3 Qe7 16. c3 Bc5 17. Bh4 Qc7 18. Rfe1 Be7 19. Bg3 Qa5 20. b4 Qb6 21.
a3 Bd7 22. c4 Ba4 23. Rc1 Rd4 24. c5 Qd8 25. f3 Qf8 26. Bf2 Rdd8 27. Bc4 Nd5
28. Bg3 Bg5 29. Ra1 Nc3 30. Qb2 Nd1 31. Qe2 Nc3 32. Qb2 Nd1 33. Qe2 Nc3 34. Qb2
1/2-1/2

[Event "OL-NORD WEST 1617 Delmenhorster SK - Un"]
[Site "?"]
[Date "2017.01.15"]
[Round "4.7"]
[White "Buerckner, Hartmut"]
[Black "Thimm, Torsten"]
[Result "1-0"]
[WhiteElo "2163"]
[BlackElo "2072"]
[PlyCount "71"]
[EventDate "2017.??.??"]

1. e4 c5 2. Nf3 e6 3. c4 Qc7 4. Nc3 a6 5. Be2 b6 6. O-O Bb7 7. Re1 d6 8. d4
cxd4 9. Nxd4 Nf6 10. f3 Nbd7 11. Be3 Rc8 12. Rc1 Qb8 13. Bf2 h5 14. b3 h4 15.
Nc2 b5 16. Ne3 bxc4 17. bxc4 Be7 18. Rb1 Kf8 19. Na4 Qc7 20. Qd2 g6 21. Rec1
Bc6 22. Nd5 Qd8 23. Nxe7 Qxe7 24. Nb6 Rd8 25. Nxd7+ Rxd7 26. Rb8+ Ne8 27. c5 d5
28. exd5 Rxd5 29. Qc3 f6 30. Bxa6 Kg7 31. Bd3 Qc7 32. Rcb1 Rhh5 33. Be4 Rd8 34.
Rxd8 Bxe4 35. Rbb8 Nd6 36. Rg8+ 1-0

[Event "OL-NORD WEST 1617 Delmenhorster SK - Un"]
[Site "?"]
[Date "2017.01.15"]
[Round "4.8"]
[White "Grebener, Soeren"]
[Black "Wagner, Jan"]
[Result "0-1"]
[WhiteElo "2019"]
[BlackElo "2137"]
[PlyCount "102"]
[EventDate "2017.??.??"]

1. e4 g6 2. d4 Bg7 3. Nf3 d6 4. Bd3 e5 5. dxe5 dxe5 6. O-O Ne7 7. Nbd2 O-O 8.
Nc4 Nbc6 9. c3 a5 10. Qe2 h6 11. Rd1 Be6 12. Bc2 Qc8 13. Be3 Rb8 14. a4 b6 15.
Rab1 Qa6 16. Bd3 Qb7 17. b4 axb4 18. cxb4 Nd4 19. Nxd4 exd4 20. Bf4 Rfe8 21. a5
b5 22. Na3 Bd7 23. Qd2 g5 24. Bg3 Ng6 25. Rbc1 Rbc8 26. f3 Red8 27. Bf2 c6 28.
Bf1 Be6 29. Rb1 Ne5 30. Kh1 Rd7 31. h4 Bf6 32. hxg5 hxg5 33. f4 gxf4 34. Qxf4
Ng4 35. Bg3 Kg7 36. Be2 Rh8+ 37. Kg1 Ne3 38. e5 Be7 39. Rxd4 Nd5 40. Qc1 Qa7
41. Bf2 Qc7 42. Bf3 Qxe5 43. Re4 Qh2+ 44. Kf1 Bf5 45. Bd4+ Bf6 46. Qg5+ Bg6 47.
Bxf6+ Nxf6 48. Ree1 Rd3 49. Nc2 Rxf3+ 50. gxf3 Qxc2 51. Rbc1 Rh1+ 0-1

[Event "OL-NORD WEST 1617 SF Hannover - Bremer"]
[Site "?"]
[Date "2017.01.15"]
[Round "4.1"]
[White "Zeitlein, Michael"]
[Black "Schirm, Friedmar"]
[Result "1/2-1/2"]
[WhiteElo "2369"]
[BlackElo "2231"]
[PlyCount "82"]
[EventDate "2017.??.??"]

1. e4 c5 2. Nf3 Nc6 3. d4 cxd4 4. Nxd4 g6 5. Be2 Bg7 6. Nb3 Nf6 7. Nc3 O-O 8.
O-O d6 9. Re1 Be6 10. Bg5 h6 11. Bh4 Rc8 12. Qd2 Na5 13. Rad1 Nc4 14. Bxc4 Rxc4
15. Bxf6 Bxf6 16. e5 Bg7 17. Qd3 Qc8 18. exd6 exd6 19. Nb5 Bf5 20. Nxa7 Bxd3
21. Nxc8 Bxc2 22. Nxd6 Bxb3 23. axb3 Rb4 24. Rd3 Rd8 25. Red1 Bxb2 26. Nc4 Rxd3
27. Rxd3 Bf6 28. Kf1 b5 29. Ne3 Rd4 30. Ke2 Kf8 31. f3 Rxd3 32. Kxd3 Be5 33. g3
Ke7 34. f4 Bg7 35. g4 Kf6 36. Ke4 Ke7 37. Nc2 Bf6 38. h3 Kd6 39. Nb4 Bc3 40.
Nd3 Bf6 41. Nb4 Bc3 1/2-1/2

[Event "OL-NORD WEST 1617 SF Hannover - Bremer"]
[Site "?"]
[Date "2017.01.15"]
[Round "4.2"]
[White "Ackermann, Dennie"]
[Black "Borik, Otto"]
[Result "1/2-1/2"]
[WhiteElo "2118"]
[BlackElo "2372"]
[PlyCount "121"]
[EventDate "2017.??.??"]

1. b3 d5 2. Bb2 c5 3. e3 Nf6 4. f4 g6 5. Be2 Bg7 6. Nf3 O-O 7. O-O Nc6 8. d4
Qb6 9. Nc3 cxd4 10. Na4 Qc7 11. Nxd4 Bd7 12. Nc5 Nxd4 13. Bxd4 Bf5 14. g4 Bc8
15. Rc1 Rd8 16. c4 Qa5 17. Bf3 dxc4 18. Rxc4 Rb8 19. a4 b5 20. b4 Qc7 21. Rc1
bxa4 22. Ne6 Qxc1 23. Qxc1 Bxe6 24. Qb2 a5 25. b5 Bc4 26. Rc1 Rxb5 27. Qa3 Rb4
28. Bc5 Bb3 29. Bxb4 axb4 30. Qxb4 Bf8 31. Qb7 Be6 32. Qa6 Bxg4 33. Bxg4 Nxg4
34. Rc8 Rxc8 35. Qxc8 Nxe3 36. Qc5 Nf5 37. Qa5 e6 38. Qxa4 Bc5+ 39. Kg2 Ne3+
40. Kf3 Nd5 41. Qa8+ Kg7 42. Qa1+ Kh6 43. Qe5 Be7 44. Qh8 Bd6 45. Qg8 Nxf4 46.
Qxf7 Nh5 47. Qxe6 Bxh2 48. Qe7 Bg1 49. Qf8+ Kg5 50. Qe7+ Kh6 51. Qe5 Bb6 52.
Qd5 Bg1 53. Qd2+ Kg7 54. Qb2+ Nf6 55. Qe5 Kf7 56. Qc7+ Ke6 57. Qc6+ Ke5 58.
Qc7+ Ke6 59. Qc4+ Ke5 60. Qc7+ Ke6 61. Qc4+ 1/2-1/2

[Event "OL-NORD WEST 1617 SF Hannover - Bremer"]
[Site "?"]
[Date "2017.01.15"]
[Round "4.3"]
[White "Hundack, Rolf"]
[Black "Boehm, Juergen"]
[Result "1/2-1/2"]
[WhiteElo "2132"]
[BlackElo "2194"]
[PlyCount "52"]
[EventDate "2017.??.??"]

1. c4 e5 2. Nc3 Bb4 3. g3 Bxc3 4. bxc3 d6 5. Bg2 Ne7 6. Nf3 Nbc6 7. O-O O-O 8.
d3 Qe8 9. e4 f5 10. exf5 Bxf5 11. Nh4 Bd7 12. Rb1 Rb8 13. f4 Ng6 14. Nf3 Bg4
15. h3 Bxf3 16. Bxf3 exf4 17. gxf4 Nge7 18. Be4 Nf5 19. Qg4 Qc8 20. Rb2 Nce7
21. Rg2 Rf6 22. Qe2 Rh6 23. Kf2 Rxh3 24. Rfg1 Rh6 25. Be3 Qf8 26. Ke1 Kh8
1/2-1/2

[Event "OL-NORD WEST 1617 SF Hannover - Bremer"]
[Site "?"]
[Date "2017.01.15"]
[Round "4.4"]
[White "Kaimer, Thomas"]
[Black "Issing, Peter"]
[Result "1-0"]
[WhiteElo "2185"]
[BlackElo "2175"]
[PlyCount "59"]
[EventDate "2017.??.??"]

1. e4 c5 2. Nf3 Nc6 3. Nc3 a6 4. d4 cxd4 5. Nxd4 e6 6. Be3 Qc7 7. Nb3 Nf6 8. a3
b5 9. Bd3 Ne5 10. Bd4 d6 11. O-O Be7 12. f4 Nxd3 13. Qxd3 e5 14. fxe5 dxe5 15.
Qg3 Be6 16. Bxe5 Qb7 17. Nd4 Bc4 18. Rf5 O-O-O 19. Kh1 h5 20. Re1 Ng4 21. b3
Nxe5 22. bxc4 Nxc4 23. Nd5 Bf6 24. Nb3 Rde8 25. Nxf6 gxf6 26. Rc5+ Kd7 27. Rxc4
bxc4 28. Nc5+ Kc8 29. Nxb7 Kxb7 30. Rb1+ 1-0

[Event "OL-NORD WEST 1617 SF Hannover - Bremer"]
[Site "?"]
[Date "2017.01.15"]
[Round "4.5"]
[White "Peters, Frank"]
[Black "Liebau, Andreas"]
[Result "1/2-1/2"]
[WhiteElo "2115"]
[BlackElo "2236"]
[PlyCount "69"]
[EventDate "2017.??.??"]

1. c4 e5 2. g3 Nf6 3. Bg2 h6 4. Nc3 Bb4 5. Qc2 O-O 6. e3 Re8 7. Nge2 c6 8. O-O
d6 9. a3 Bxc3 10. Qxc3 a5 11. b3 Bf5 12. Bb2 Qc8 13. f3 h5 14. e4 Bh3 15. d4 c5
16. d5 Bxg2 17. Kxg2 Nbd7 18. a4 b6 19. Qe3 Ra7 20. Nc3 Nf8 21. Rae1 Rae7 22.
Bc1 Qd7 23. Nd1 N6h7 24. Qd3 g6 25. Ne3 Nf6 26. Qd2 N8h7 27. Nd1 Kg7 28. Ne3
Kh8 29. h4 Rg8 30. Rh1 Qe8 31. Nd1 Qd7 32. Qh6 Rg7 33. Qd2 Ng8 34. Qe3 f5 35.
Qd3 {(=)} 1/2-1/2